[Event "Moscow op 01st"]
[Site "Moscow"]
[Date "2005.03.02"]
[Round "8"]
[White "Novichkov, Valery"]
[Black "Atalik, Suat"]
[Result "1/2-1/2"]
[WhiteElo "2392"]
[BlackElo "2560"]
[Annotator "Atalik,S"]
[PlyCount "68"]
[EventDate "2005.02.25"]
[EventType "swiss"]
[EventRounds "9"]
[EventCountry "RUS"]
[SourceTitle "CBM 106"]
[Source "ChessBase"]
[SourceDate "2005.06.06"]
[SourceVersion "1"]
[SourceVersionDate "2005.06.06"]
[SourceQuality "1"]

1. e4 e5 2. Nf3 Nc6 3. Bb5 a6 4. Ba4 Nf6 5. O-O Be7 6. Bxc6 $5 {This line is
not bad at all!} dxc6 7. d3 Nd7 (7... Qd6 8. Nbd2 Be6 $14 {is another idea.})
8. Nbd2 O-O 9. Nc4 Bd6 $5 {This time demoralised by so many draws I have
simply let the game to be a draw!} (9... f6 10. Nh4 Nc5 11. Nf5 Bxf5 12. exf5
Qd5 13. Qg4 $11) (9... Bf6 $6 {and I have never liked Romanihin's move neither
him.}) 10. d4 Qe7 11. Re1 exd4 12. Nxd6 (12. Nxd4 Ne5 13. Nxd6 cxd6 14. f4 Ng4
$13 {gives some game for both sides.}) 12... cxd6 13. Qxd4 Ne5 14. Nxe5 (14.
Bf4 Re8 $1 (14... Nxf3+ $6 15. gxf3 Rd8 16. Rad1 Bh3 17. Kh1 $40) 15. Rad1 $140
$6 Bg4) 14... dxe5 15. Qc3 f6 (15... Qc7 16. Be3 b6 17. a4 a5 18. Rad1 Bb7 $11)
16. Be3 Qf7 17. a4 {He immediately wants to fix the queenside.} ({I was
expecting} 17. Rad1 Be6 18. Bb6 Rfe8 19. Rd6 Re7 20. Red1 Rd7 21. Qd2 Rxd6 22.
Qxd6 Re8 $11) 17... Be6 18. Bb6 Rfe8 19. Rad1 Re7 20. Rd3 Rd7 21. Red1 Re8 22.
Rxd7 Bxd7 23. a5 Be6 24. f3 h5 25. Rd6 Re7 26. Kf2 Rd7 27. Qd2 f5 $1 {Black
can never lose this ending. However all of a sudden my fighting spirit came
back.} (27... Rxd6 28. Qxd6 Qd7 29. Qxd7 Bxd7 30. Ke3 Kf7 31. Kd3 Be6 32. Kc3
f5 33. Bc7 (33. Kb4 fxe4 34. fxe4 Bg4 35. Kc5 Ke6 36. Bc7 Kd7 (36... Bd1 37. c3
Bc2) 37. Bxe5 g6 38. Kb6 Kc8 39. Bf6 Bd1 40. c4 Bb3 41. Kc5 Kd7 $11) 33... fxe4
34. fxe4 Ke7 (34... Kf6 $2 35. Kb4 Bf7 36. Kc5 Bg6 37. Kb6 Bxe4 38. Kxb7 Bxc2
39. Kxa6 $18) 35. Bxe5 g6 36. Kd4 Bg4 37. Bf4 Bd1 38. Kc5 (38. c3 Bc2) 38...
Kd7 $11) 28. Rxd7 Bxd7 29. Ke1 (29. Kg1 fxe4 30. fxe4 Be8 31. Qd8 Kh7 32. Bc7
Qg6 $132) 29... fxe4 30. fxe4 Be8 31. Qg5 $1 {Safe.} (31. Qd8 Qg6 32. Kd1 Kh7
$40) 31... Qf6 {There is not much to write home about this game.} (31... Qe6
32. Kf2 (32. Bc7 Qc4 33. Bxe5 Qxe4+ 34. Kf1 Bg6 35. Qe7 Bf7 36. h4 Qxc2 37. Bc3
Qf5+ 38. Kg1 Qg4 39. Qg5 Qxg5 40. hxg5 Bd5 41. g3 $11) 32... Bg6 33. Ke3 Kh7
34. b3 (34. Bc7 Qc4) 34... Qd6 35. c3 Bf7 36. b4 $11) 32. Qxf6 gxf6 33. Kd2 Bg6
34. Ke3 Kf7 1/2-1/2

[Event "Muenster"]
[Site "Muenster"]
[Date "1992.??.??"]
[Round "9"]
[White "Blatny, Pavel"]
[Black "Padevsky, Nikola Bochev"]
[Result "1-0"]
[WhiteElo "2515"]
[BlackElo "2400"]
[Annotator "Blatny,P"]
[PlyCount "61"]
[EventDate "1992.07.??"]
[EventType "tourn"]
[EventRounds "11"]
[EventCountry "GER"]
[EventCategory "8"]
[SourceTitle "CBM 031"]
[Source "ChessBase"]
[SourceDate "1992.12.01"]
[SourceVersion "1"]
[SourceVersionDate "1992.12.01"]
[SourceQuality "1"]

1. e4 e5 2. Nf3 Nc6 3. Bb5 a6 4. Ba4 Nf6 5. O-O Be7 6. Bxc6 dxc6 7. Qe1 {
/\><e4;<->f /\f4} Nd7 8. b3 c5 9. Bb2 f6 (9... Bd6 $142 10. a4 O-O $6 (10...
Qe7 11. Na3 Nb8 $1 12. Nc4 Nc6 {/\Nd4<=>}) 11. Na3 f6 12. Nc4 Nb8 13. Nh4 Nc6
14. Nf5 Bxf5 $6 15. exf5 Qd7 16. Qe4 $16 {Blatny-Siklosi, Kecskemet 1992}) 10.
Nh4 O-O 11. Nc3 Nb8 $1 {/\Be6,Nc6-d4} 12. Ne2 Nc6 13. d3 Bd6 14. Nf5 Re8 (14...
Bxf5 15. exf5 {/\Ng3-e4 ()}) 15. Nxd6 Qxd6 {<->d} (15... cxd6 16. f4 $36) 16.
f4 exf4 17. Nxf4 $14 Nd4 18. Qd1 (18. Qd2) 18... Bd7 19. Rf2 {<->f,<->2} f5 20.
exf5 Bxf5 21. Qd2 Bd7 22. Raf1 Rf8 23. c3 Ne6 24. Ne2 (24. Nxe6 Bxe6 $10) 24...
Bc6 (24... Rxf2 $142 25. Rxf2 Rf8) 25. Ng3 {/\Nf5 ->} Rxf2 26. Qxf2 Rf8 (26...
Qd7 $142 27. Nf5 $40 Qxd3 $140 $2 28. Nxg7 $1 Kxg7 (28... Nxg7 29. Qf7+ Kh8 30.
Qf8+ Rxf8 31. Rxf8#) 29. Qf6+ Kg8 30. Qxe6+ {/\c4#}) 27. Nf5 $1 $16 Qd7 (27...
Qxd3 $4 28. Ne7+ $18) 28. c4 $1 Kh8 (28... Nd4 29. Nh6+ $18) 29. Qg3 Rd8 (29...
Nd4 30. Bxd4 cxd4 31. Qe5 $18 {קd4 _|_}) 30. Nh6 $1 $18 Nd4 31. Rf7 $1 (31.
Rf7 Ne2+ 32. Kf2 Nxg3 33. Bxg7#) 1-0

[Event "Dortmund SuperGM 33rd"]
[Site "Dortmund"]
[Date "2005.07.17"]
[Round "9"]
[White "Sutovsky, Emil"]
[Black "Adams, Michael"]
[Result "1/2-1/2"]
[WhiteElo "2674"]
[BlackElo "2719"]
[Annotator "Erenburg,S"]
[PlyCount "101"]
[EventDate "2005.07.07"]
[EventType "tourn"]
[EventRounds "9"]
[EventCountry "GER"]
[EventCategory "19"]
[SourceTitle "CBM 108"]
[Source "ChessBase"]
[SourceDate "2005.09.26"]
[SourceVersion "1"]
[SourceVersionDate "2005.09.26"]
[SourceQuality "1"]

{[%mdl 8]} 1. e4 e5 2. Nf3 Nc6 3. Bb5 a6 4. Ba4 Nf6 5. O-O Be7 6. Bxc6 $5 {
The main difference between the delayed exchange variation of Ruy Lopez
Defence and exchange variation (4.Bxc6) is that Black has already developed
his kingside light pieces. The most popular reply for Black against exchange
variation in Ruy Lopez Defence is 4...f6. In this position, Black cannot
already play f7-f6, and his dark-squared bishop is located on e7, which is not
the best position.} dxc6 7. d3 Nd7 8. Nbd2 {transfering the knight to c4.} O-O
9. Nc4 {There is another plan with the fianchetto of the dark-squared bishop.}
(9. b3 f6 10. Bb2 Nc5 11. d4 exd4 12. Nxd4 Re8 13. Qe2 Bd6 14. Rae1 $146 Qe7
15. f4 Bd7 16. Qf3 $1 {[%cal Ye4e5,Yb3b4]} Qf7 17. Nc4 f5 $2 18. exf5 Bxf5 19.
Nxf5 Qxf5 20. Qc3 $1 $16 {1-0 Erenburg,S-Van Beek,A/Hoogeveen NED 2004/The
Week in Chess 520/[Erenburg] (35)}) 9... f6 10. Nh4 {After Black plays f7-f6
White gets the possibility to move the kingside knight to h4 in order to carry
out the f2-f4 breakthrough. Other possibilities are:} (10. Be3 Nc5 11. b4 $5 {
1-0 Delgado,N-Matsuura,E/Osasco 2004/CBM 103/[Wedberg] (49)}) (10. d4 exd4 11.
Nxd4 Nb6 {N} 12. Ne3 Re8 13. c3 Bf8 14. Qb3+ Kh8 15. Rd1 Qe7 16. f3 Qe5 17. Nf1
Bd6 18. Be3 Qe7 19. Bf2 c5 $10 20. Nf5 Bxf5 21. exf5 c4 22. Qc2 Bc5 23. Re1
Bxf2+ 24. Qxf2 Qd7 25. Ng3 {1/2-1/2 Smyslov,V-Xie Jun/Monte Carlo 1994/CBM 042/
[Wedberg] (25)}) 10... g6 {Covering the f5 square.} ({Another option is} 10...
Nc5 {0-1 McShane,L-Bacrot,E/Biel 2004/CBM 102/[Wedberg] (51)}) 11. g3 {
Protecting the knight and preparing the f2-f4 advance. White has the following
alternatives:} (11. Bh6 Rf7 12. f4 exf4 13. Rxf4 Nf8 14. Rf1 Be6 15. Ne3 f5 16.
Nhxf5 gxf5 17. exf5 Bd7 18. Qg4+ Kh8 19. Rf3 Bd6 $13 {1-0 Wedberg,T-Kaiszauri,
K/Gladsaxe 1979/MCD (42)}) (11. Nf3 Nc5 12. Be3 Be6 13. Na5 Qc8 14. Qe1 Bd7 15.
d4 exd4 16. Nxd4 Ne6 17. Nxe6 Bxe6 18. b4 $14 {1-0 Smagin,S-Khruschiov,A/
Moscow 2002/EXT 2003 (39)}) (11. f4 {can be met by} f5) 11... Nc5 12. Bh6 $146
{According to my database, this position appeared for the first time.} ({
In the preceding game White continued:} 12. Ng2 Bh3 13. f4 exf4 14. Bxf4 Ne6
15. Be3 c5 16. Rf2 b5 17. Nd2 Qd7 18. Nf4 Nxf4 19. Rxf4 Bd6 20. Rf2 Rae8 $15 {
0-1 Zatulovskaya,T-Zivaeva,T/Alma-Ata 1980/EXT 2002 (32)}) 12... Rf7 13. b4 $1
{Forcing Black's knight to rob the e6 square from the light-squared bishop.} (
13. Qd2 {is met by} Be6) 13... Ne6 14. Qd2 c5 15. Kh1 $1 {[%cal Gf2f4,Yg3f4,
Gf1g1,Yg1g8] White moves away the king from the a7-g1 diagonal in order to rob
from Black the resource of check from this diagonal. It should be noted, that
White frees the "g" file for his heavy pieces in case of changes on f4.} b5 ({
White has a serious compensation after} 15... cxb4 16. f4 exf4 (16... b5 17.
Na5 $44) 17. gxf4 f5 18. Nf3 fxe4 19. Nfe5 Rf5 20. Qg2 Qe8 21. dxe4 Rh5 22. Ng4
$44 {[%cal Gf4f5]}) 16. Na5 Bf8 ({Worth consideration:} 16... cxb4 $5 17. f4 (
17. Nc6 Qd6 18. Nxe7+ Qxe7 19. f4 exf4 20. gxf4 (20. Bxf4 Nxf4 21. Rxf4 Be6 $17
) 20... f5 21. Nf3 fxe4 22. dxe4 Bb7 23. Qe3 Nc5 $17) 17... exf4 18. gxf4 f5
19. Nf3 Bf8 (19... fxe4 20. Ne5 $13) 20. Bxf8 Rxf8 $13) 17. Bxf8 Qxf8 18. a3 {
White strengthens his important b4 pawn, which fixes Black's queenside pawns.}
cxb4 19. axb4 c5 {Black opens the "c" file for his rooks.} 20. f4 exf4 21. gxf4
Qh6 ({Black cannot allow White to play f4-f5.} 21... cxb4 22. f5 $16) 22. Ng2 (
{Deserves attention:} 22. Qf2 $5 cxb4 23. f5 Ng7 (23... Ng5 24. Rab1 $14) 24.
Rg1 $13) 22... cxb4 23. Qxb4 Qf8 24. Qxf8+ Kxf8 ({In case of} 24... Nxf8 25.
Ne3 f5 26. Kg2 Ne6 27. Nd5 $14 {White's position is slightly better, thanks to
his active knights.}) 25. f5 Nc5 ({Black doesn't equalize after} 25... gxf5 26.
Rxf5 Ng7 (26... Nd8 27. Rf2 f5 28. e5 Nb7 (28... Ne6 29. Raf1 Ng7 30. d4 Be6
31. Nf4 $16) 29. Nb3 $14) 27. Rf2 f5 28. e5 $14 (28. Raf1 Raa7 $11)) 26. Ne3
gxf5 27. Nxf5 Bxf5 28. Rxf5 Rc8 {White has succeeded to get a superior pawn
structure, but the position is near to equality, due to small amount of the
pawns on the board.} 29. Raf1 (29. Nb3 {The exchange of the knights doesn't
promise anything special for White:} Nxb3 30. cxb3 Rc3 31. Rxa6 Rxb3 32. Raxf6
Rxf6 33. Rxf6+ Ke7 34. Rb6 Rxd3 35. Rxb5 Re3 $11) 29... Nd7 $6 ({After the
exact} 29... Ke7 {[%cal Gc5e6]} 30. e5 Nd7 $11 {Black equalizes.}) 30. c4 $1 {
[%cal Ga5b7,Gb7d6]} Rc5 (30... Nc5 31. cxb5 (31. Rd5 bxc4 32. Nxc4 Nxe4 $11)
31... axb5 32. Rc1 (32. Rxf6 Rcc7 $1 $11) 32... Rfc7 33. Rxf6+ Ke7 {is near to
a draw.}) 31. R5f2 $14 {threatening Nb7. After White succeeded to carry out
c2-c4, his position becomes better.} Re7 32. d4 Rc7 33. c5 Rxe4 34. c6 Nb6 35.
Rxf6+ Kg7 36. Rd6 Re2 $2 {After this inaccurate move, White gets an obvious
advantage.} ({Better was} 36... Rg4 $14) 37. Nb7 $1 $16 {[%cal Gb7c5]} Nc8 (
37... Ree7 38. Nc5 $18) (37... Rc8 38. c7 Nc4 39. Rg1+ Kf7 40. Rh6 $18) 38.
Rd7+ ({May be stronger was} 38. Rg1+ Kf7 (38... Kf8 39. Rd8+ Re8 40. Rxe8+ Kxe8
41. Rg8+ Kf7 (41... Ke7 42. Rg7+ $18) 42. Rxc8 $18) 39. Rh6 Kf8 40. d5 $18)
38... Re7 39. Rxc7 Rxc7 40. d5 Nb6 41. Nd6 $1 {threatening Ne8+} ({After} 41.
Nc5 {Black has some chances:} Rc8 42. Rd1 Nxd5 43. Rxd5 Rxc6 $14) 41... Kg8 (
41... Kg6 {doesn't change the evaluation of the position.} 42. Rg1+ Kh6 (42...
Kh5 43. Ne8 Rc8 44. Nf6+ $18) 43. Nf5+ Kh5 44. Ne3 (44. h4 h6) 44... Nxd5 45.
Nxd5 Rxc6 46. Nb4 $16 {[%cal Gg1a1] /+-}) 42. Ne8 $6 ({White had excellent
chances after} 42. Ra1 $1 Nxd5 43. Rxa6 Kf8 44. Nxb5 Rc8 45. Nd4 $16 {/+-})
42... Rc8 43. Nf6+ $2 {throwing away the advantage...} ({White should have
played} 43. Nd6 Rd8 (43... Rc7 44. Ra1 {-42.Ra1!}) 44. Nf5 Nxd5 45. Rd1 Kf8 46.
Ne3 Rc8 47. Nxd5 Rxc6 48. Nb4 $16 {[%cal Gd1a1] /+-}) 43... Kg7 44. d6 Rxc6 45.
d7 Nxd7 46. Nxd7 a5 $11 {White has only one pawn, and his pieces are not so
coordinated... These factors promise Black an easy draw.} 47. Rg1+ Kh6 48. Ne5
Rc5 49. Nf7+ Kh5 50. Nd6 b4 51. Rb1 1/2-1/2

[Event "Chicago op 13th"]
[Site "Chicago"]
[Date "2004.05.30"]
[Round "5"]
[White "Stripunsky, Alexander"]
[Black "Golod, Vitali"]
[Result "0-1"]
[WhiteElo "2553"]
[BlackElo "2552"]
[Annotator "Golod,V"]
[PlyCount "136"]
[EventDate "2004.05.28"]
[EventType "swiss"]
[EventRounds "7"]
[EventCountry "USA"]
[SourceTitle "CBM 101"]
[Source "ChessBase"]
[SourceDate "2004.07.27"]
[SourceVersion "1"]
[SourceVersionDate "2004.07.27"]
[SourceQuality "1"]

{I haven't played against Alexander in over 13 years.} 1. e4 e5 2. Nf3 Nc6 3.
Bb5 a6 4. Ba4 Nf6 5. O-O Be7 6. Bxc6 {White is reluctantly declining to play
the main variation of the Spanish Game, and are hoping to receive a slight
positional advantage.} dxc6 7. d3 Nd7 8. b3 (8. Nbd2 $5 {It's main line.}) 8...
c5 {This move is directed against the mobility of "d" pawn.} 9. Bb2 Bd6 10.
Nbd2 b5 {If I were to allow the knight to move to "c4", with the following
exchange of my bishop, and allowing f2-f4, White would receive a positional
advantage.} 11. Kh1 $146 {/\Ng1-e2 and f4} ({It was checked up in previous
games:} 11. Qe2) (11. g3 {11.h3; 11.Re1 and 11.a4}) 11... O-O 12. Ng1 Qh4 $5 {
My main idea is to disallow f2-f4, and I am fighting for it with any means
necessary. Also it wouldn't be bad for me if after he would promote "f4" I
could answer with "f5".} 13. Ne2 Bb7 14. Nf3 Qe7 15. Ng3 g6 16. Qd2 f6 17. Ng1
{Now White's second knight is also trying to maneuver through square g1.} c4 $1
{It is time to improve my pawn structure.} 18. bxc4 bxc4 19. d4 {This only way
for White to struggle for advantage.} (19. dxc4 $2 Nb6 $36 {[%csl Rc4][%cal
Ge7e6]}) 19... exd4 20. Bxd4 Bxg3 21. hxg3 Qxe4 22. f3 $44 Qd5 23. Qf2 Rad8 24.
Ne2 Qf5 {My Queen has a very good position on this square.} 25. Nc3 Rfe8 26.
Rfe1 $6 (26. g4 $5) 26... h5 $1 $15 {It is important to prevent White from
attacking my queen and forcing it to move from square "f5".} 27. Rab1 Ba8 $1 (
27... Bc6 $143 28. Qf1 {[%csl Rc4,Rc6,Rg8][%cal Gf1c4]}) 28. Re2 (28. Qf1 $6 c5
29. Qxc4+ Kg7 {[%csl Rf3,Rh1][%cal Gd7e5]}) 28... c5 29. Be3 Re7 {It is
important to get control of line "e".} 30. Bf4 Rde8 31. Rxe7 Rxe7 32. Bd6 Re6
$1 33. Rd1 $140 Bc6 {All Black's pieces are located ideally.} 34. Kg1 {
Alexander offered me a draw here,but i had firm intention on refusing the draw
and playing towards a win.} Kf7 35. Qd2 g5 36. Bc7 Ne5 37. Bxe5 {White can no
longer stand this knight.} Qxe5 38. Kf2 Re7 39. Re1 $6 {It seems that White
shouldn't have attempted to exchange his heavy pieces, while being down a pawn.
} (39. Ne2 $5) 39... Qd4+ 40. Qxd4 cxd4 41. Rxe7+ Kxe7 42. Ne2 d3 43. cxd3 cxd3
44. Nc3 {[%mdl 4096] Alexander planned this before exchanging his heavy pieces.
} (44. Nd4 $143 Bd5 45. a3 Kd6 46. Ke3 Bc4) 44... Ke6 $1 {I wasted 35 minutes
to find this move.} (44... Kd6 $143 45. Ke3 Kc5 46. Kxd3 f5 47. Nd1 {[%cal
Gd1e3]}) 45. Ke3 g4 46. fxg4 (46. Kxd3 $5 gxf3 47. gxf3 Bxf3 48. Ke3) (46. Nd1
$6 d2 $1 {[%csl Gc6,Rf3,Rg2,Yg4,Yh5]}) 46... hxg4 47. Kxd3 Ke5 $1 $17 {As we
can see, White's pawn on "g2" is under attack, however it will not run
anywhere and I will take Pg2 on following move. Ke5 is very important, because
my king takes control of square "d4".} (47... Bxg2 $143 48. Kd4 {[%csl Yd4]
[%cal Yd4e5]}) 48. Ke3 Bxg2 49. Ne2 Bd5 50. a3 Be4 51. Nc3 f5 {White cannot
prevent the mobility of the "f" pawn and at the same time stop my king from
going to the queen side.} 52. Na2 (52. Ne2 $143 Kd5 {[%csl Ra3][%cal Gd5c4,
Gc4b3]}) 52... a5 53. Nc3 Bc6 54. Kd3 {White agreed to allow me to promote my
pawn to f4. If not right now, they would still be forced to allow such
movement after several more moves:} (54. Ne2 Be8 $5 55. Nd4 $140 Bd7 $22 {
[%csl Ye3][%cal Ge5d5,Gd5c4,Gf5f4]}) 54... f4 55. gxf4+ Kxf4 56. Ne2+ Ke5 57.
Ke3 Kd5 {[%csl Ra3][%cal Gd5c4,Gc4b3]} 58. Nd4 a4 $1 {It is important to block
White's pawn on "a3" and also that it is close to being promoted to a queen.
White's only chance to a draw is to sacrifice the knight for pawn "g" and have
enough time to bring his king to the corner "a1".} (58... Kc5 $6 59. Nb3+ Kb5
60. Nd4+) 59. Nc2 {White has no defense:} (59. Kd3 Bd7 $22) (59. Nxc6 $2 Kxc6
60. Kf4 Kd5 61. Kxg4 Kc4 62. Kf3 Kb3 63. Ke3 Kxa3 64. Kd2 Kb2 $19) 59... Kc4
60. Nb4 Bd7 61. Nd3 Bf5 62. Nc1 (62. Ne5+ Kb3 63. Nxg4 Bxg4 64. Kd2 Kxa3 65.
Kc1 Bf5 $19 {[%csl Yf5][%cal Yf5b1]}) 62... Kc3 $19 {White could have resigned
right here but he decided to make a few more moves.} 63. Ne2+ Kb2 64. Kd4 Kxa3
65. Kc3 Ka2 66. Kb4 a3 67. Nc3+ Kb2 68. Na4+ Kc2 0-1

[Event "Olympiad-34"]
[Site "Istanbul"]
[Date "2000.11.10"]
[Round "13.1"]
[White "Zaw, Win Lay"]
[Black "Lodhi, Mahmood"]
[Result "0-1"]
[WhiteElo "2533"]
[BlackElo "2438"]
[Annotator "Hecht,H"]
[PlyCount "117"]
[EventDate "2000.10.28"]
[EventType "team-swiss"]
[EventRounds "14"]
[EventCountry "TUR"]
[SourceTitle "EXT 2001"]
[Source "ChessBase"]
[SourceDate "2000.11.22"]
[SourceVersion "1"]
[SourceVersionDate "2000.11.22"]
[SourceQuality "1"]
[WhiteTeam "Myanmar"]
[BlackTeam "Pakistan"]
[WhiteTeamCountry "MYA"]
[BlackTeamCountry "PAK"]

1. e4 e5 2. Nf3 Nc6 3. Bb5 a6 4. Ba4 Nf6 5. O-O Be7 6. Bxc6 dxc6 7. Qe1 Nd7 8.
b3 c5 9. Bb2 f6 10. a4 a5 11. Nc3 Nf8 12. Nd5 Bd6 13. d3 Ng6 14. Nd2 Be6 15.
Ne3 Qd7 16. Ndc4 b6 17. Rd1 O-O 18. c3 Rad8 19. Kh1 Rfe8 20. f3 Bf8 21. Rf2 Qf7
22. g3 Rd7 23. Rfd2 Red8 24. Qe2 Qe8 25. Kg2 Ne7 26. d4 cxd4 27. cxd4 exd4 28.
Rxd4 Rxd4 29. Rxd4 Rxd4 30. Bxd4 Nc6 31. Bc3 Qd7 32. Qd2 Qxd2+ 33. Nxd2 Bc5 34.
Nd5 Bxd5 35. exd5 Ne7 36. Ne4 Ba3 37. g4 Nxd5 38. Bd2 Kf7 39. Kf2 Ke6 40. Ke2
Bb4 41. Bc1 c6 42. Kd3 g6 43. h4 Be7 44. h5 f5 45. gxf5+ gxf5 46. Ng5+ Bxg5 47.
Bxg5 Kd6 48. Kc4 Kd7 49. Kd4 Ke6 50. Bh4 c5+ 51. Kc4 Kd6 52. Bg5 Kc6 53. h6 Nc7
54. Bd8 Ne8 55. Be7 Nd6+ 56. Bxd6 Kxd6 {[#] Weiß verfügt über starken
Raumgewinn, kann damit aber nicht einmal im Remissinne etwas anfangen. Der
Raum ist sozusagen leer.} 57. Kb5 Kc7 58. Ka6 Kc6 59. f4 (59. f4 c4 60. bxc4
Kc5 61. Kb7 Kxc4 62. Kxb6 Kb4 63. Kc6 Kxa4 64. Kd5 Kb4 65. Ke5 a4 66. Kxf5 a3
67. Kf6 a2 68. Kg7 a1=Q+ 69. Kxh7 Qf6 $19) 0-1

[Event "Linares zt"]
[Site "Linares"]
[Date "1995.??.??"]
[Round "8"]
[White "Fernandes, Antonio ETG"]
[Black "Hebden, Mark"]
[Result "1-0"]
[WhiteElo "2380"]
[BlackElo "2570"]
[Annotator "King,D"]
[PlyCount "87"]
[EventDate "1995.11.??"]
[EventType "swiss"]
[EventRounds "11"]
[EventCountry "ESP"]
[SourceTitle "CBM 051"]
[Source "ChessBase"]
[SourceDate "1996.04.01"]
[SourceVersion "1"]
[SourceVersionDate "1996.04.01"]
[SourceQuality "1"]

1. e4 e5 2. Nf3 Nc6 3. Bb5 a6 4. Ba4 Nf6 5. O-O Be7 6. Bxc6 dxc6 7. Nc3 Bg4 8.
h3 Bh5 9. g4 Bg6 10. Re1 Nd7 11. d4 exd4 12. Qxd4 O-O 13. Bf4 Nc5 14. Rad1 Ne6
15. Qc4 Bd6 16. Bg3 Qf6 17. e5 Qxf3 18. Re3 Qxe3 19. fxe3 Bc5 20. Qe2 Rad8 21.
Bh4 Rxd1+ 22. Nxd1 {It is surprising that Black loses this game, as his minor
pieces are all securely posted, his pawn structure is healthy, and White's
king is a little exposed.} Re8 23. Nf2 b5 24. Kh2 Bb6 25. Qf3 Nf8 26. Bg3 Rd8
27. Qe2 c5 28. h4 h6 29. h5 Bh7 30. Nh3 Ne6 31. Bf4 c4 32. g5 {White just
sneaks through on the kingside.} c3 33. bxc3 Ba5 34. Qf3 Bxc2 35. gxh6 Bd1 36.
Qc6 Bxh5 37. Ng5 Nxf4 38. h7+ Kh8 39. exf4 Bb6 40. Kg3 Rf8 41. Qd7 f6 42. Ne6
Rf7 43. Qe8+ Kxh7 44. Nd8 1-0

[Event "Moscow Tal Memorial 7th"]
[Site "Moscow"]
[Date "2012.06.18"]
[Round "9"]
[White "McShane, Luke J"]
[Black "Carlsen, Magnus"]
[Result "0-1"]
[WhiteElo "2706"]
[BlackElo "2835"]
[Annotator "Knaak,R"]
[PlyCount "80"]
[EventDate "2012.06.08"]
[EventType "tourn"]
[EventRounds "9"]
[EventCountry "RUS"]
[EventCategory "22"]
[SourceTitle "CBM 149"]
[Source "ChessBase"]
[SourceDate "2012.07.17"]
[SourceVersion "1"]
[SourceVersionDate "2012.07.17"]
[SourceQuality "1"]

{[%mdl 2]} 1. e4 e5 2. Nf3 Nc6 3. Bb5 a6 4. Ba4 Nf6 5. O-O Be7 6. Bxc6 dxc6 7.
d3 Nd7 8. b3 O-O 9. Bb2 f6 10. Nc3 {Meistens wird der Springer nach d2
entwickelt, vermutlich nicht ohne Grund.} (10. Nbd2 Nc5 11. d4 (11. Nc4 $5 Ne6
12. Ne3) 11... exd4 12. Nxd4 $13) 10... Re8 11. Kh1 Nf8 12. Ne2 c5 13. Nh4 Ne6
14. Nf5 Bf8 15. Ne3 Nd4 16. f4 Be6 17. fxe5 fxe5 18. Ng1 ({Man kann auch gleich
} 18. c3 {spielen, denn den Springertausch muss Weiß nicht fürchten. Aber der
Ne2 soll sowieso nach f3 gehen.}) 18... g6 $1 19. c3 Nc6 20. Nf3 {Weiß hat für
diese Aufstellung insgesamt 8 Springerzüge gebraucht.} Bg7 21. Qe1 $2 {Wenn
Weiß die Stellung weiterhin geschlossen hält, muss er nichts fürchten. Dazu
muss er auf ...a5 zu a4 in der Lage sein.} ({Prinzipiell spricht auch nichts
gegen} 21. c4 $5 {, aber aus irgendeinem Grund wollte McShane so nie spielen.})
(21. Qc2 a5 22. a4 $11) 21... a5 $1 $15 ({Natürlich nicht} 21... Qxd3 $2 22.
Rd1 Qb5 (22... Qxe4 23. Ng5) 23. Ng5 {und Schwarz sieht sich einem Angriff
ausgesetzt, bei dem seine Dame nichts zur Verteidigung beiträgt.}) 22. Rd1 (22.
a4 $2 Bxb3 23. c4 {funktioniert nicht, es folgt} Qxd3 $1 24. Ra3 Red8 25. Rf2
Nd4 {und Weiß kann aus der Stellung der schwarzen Dame keinen Nutzen ziehen.})
22... a4 23. bxa4 {Dies ist vermutlich notwendig.} Rxa4 24. a3 Rf8 25. Bc1 {
Das führt zu nichts, besser ist} (25. Qe2 {und Weiß sollte sich zunächst
passiv verhalten, Schwarz muss erst mal einen Gewinnplan finden.}) 25... Ra8
26. Qg3 $6 {Die weißen Ambitionen am Königsflügel erhalten sofort einen
Dämpfer:} Bb3 $1 27. Rde1 $2 (27. Rd2 Bh6 $1 28. Qf2 {mag hässlich sein, hält
aber die materielle Balance.}) 27... Qxd3 {Schwarz gewinnt nun mühelos.} 28.
Ng4 Be6 29. Nh6+ Kh8 30. Qh4 Bf6 31. Bg5 Bxg5 32. Qxg5 Kg7 33. Qc1 Rf4 34. Rd1
Qc4 35. Rfe1 Raf8 36. Ng5 Bc8 37. g3 Rf2 38. Nf5+ gxf5 39. Nh3 Re2 40. Qg5+ Kh8
0-1